000 00458nam a2200205Ia 4500
003 0100
008 130303s9999 xx 000 0 und d
040 _cARRUPELIB
050 _aB485.E3 1967
100 _aEdel, Abraham
245 _aAristotle
260 _aOxford
260 _bThe Bobbs-Merrill Co.
260 _C1967
300 _a493p.
300 _b 22cm
650 _aPHILOSOPHY
650 _bSocial sciences -- Dictionaries
942 0 0 _01
999 _c36603
_d36603